000 01432nam a22003017a 4500
999 _c22055
_d22055
003 AR-CdUCM
008 190425b ||||| |||| 00| 0 spa d
040 _aMUNICIPALIDAD PROVINCIAL DEL CUSCO
_cBIBLIOTECA MUNICIPAL DEL CUSCO
082 _aPast.Andina/N°16/1976
110 _aInstituto de Pastoral Andina
_912766
245 _aPastoral Andina /
_cInstituto de Pastoral Andina
260 _aCusco :
_bInstituto de Pastoral Andina,
_bImprenta Prelatura de Sicuani,
_c1976.
300 _a36 páginas. :
_c21 cm.
440 _aBoletín bimestral del Instituto de Pastoral Andina Cusco.
_nN°16, abril-mayo 1976.
_947306
505 _aContenido: Presupuestos teóricos para el estudio del mundo andino. Ludolfo Ojeda. -- Señalakuy en Totorani. Juan Hugues. -- Historia breve del pueblo Aymara. Domingo Llanque y Francisco McGourn. -- Apu Sawasiray y el qolla Mariano inkilli. Ricardo Valderrama y Carmen Escalante. -- Plan operativo de la Pastoral. Prelatura de Juli.
650 _aCatolicismo
_92175
650 _aEvangelización católica
_947304
650 _aReligión católica
_947305
650 _aReligiosidad andina
_944127
700 _aOjeda, Ludolfo
_947307
700 _aHugues, Juan
_947308
700 _aLlanque, Domingo
_947309
700 _aMcGourn, Francisco
_947310
700 _aValderrama Fernández, Ricardo
_97653
700 _aEscalante Gutiérrez, Carmen
_911047
942 _2ddc
_cPP
945 _arac